000
00260nam a2200133Ia 4500
100
_a
Goverment of Maharashtra
650
_a
General
942
_c
BK
245
_a
production automation
260
_b
none
300
_a
22
546
_a
ENGLISH
999
_c
18156
_d
18156